Understanding modern sociology / (Record no. 3235)

MARC details
000 -LEADER
fixed length control field 01408cam a2200373 a 4500
001 - CONTROL NUMBER
control field 12895577
003 - CONTROL NUMBER IDENTIFIER
control field OSt
005 - DATE AND TIME OF LATEST TRANSACTION
control field 20160310142940.0
008 - FIXED-LENGTH DATA ELEMENTS--GENERAL INFORMATION
fixed length control field 020815s2003 enk b 001 0 eng
010 ## - LIBRARY OF CONGRESS CONTROL NUMBER
LC control number 2002111619
015 ## - NATIONAL BIBLIOGRAPHY NUMBER
National bibliography number GBA2-T9881
020 ## - INTERNATIONAL STANDARD BOOK NUMBER
International Standard Book Number 0761957065
020 ## - INTERNATIONAL STANDARD BOOK NUMBER
International Standard Book Number 0761957073 (pbk)
035 ## - SYSTEM CONTROL NUMBER
System control number (OCoLC)ocm51031301
040 ## - CATALOGING SOURCE
Original cataloging agency UKM
Transcribing agency UKM
Modifying agency DLC
042 ## - AUTHENTICATION CODE
Authentication code lccopycat
050 00 - LIBRARY OF CONGRESS CALL NUMBER
Classification number HM447
Item number .S53 2003
082 00 - DEWEY DECIMAL CLASSIFICATION NUMBER
Classification number 301
Edition number 22
Item number SHA 2003
100 1# - MAIN ENTRY--PERSONAL NAME
Personal name Sharrock, W. W.
Fuller form of name (Wes W.)
9 (RLIN) 7276
245 10 - TITLE STATEMENT
Title Understanding modern sociology /
Statement of responsibility, etc. Wes W. Sharrock, John A. Hughes and Peter J. Martin.
260 ## - PUBLICATION, DISTRIBUTION, ETC. (IMPRINT)
Place of publication, distribution, etc. London ;
Name of publisher, distributor, etc. Thousand Oaks, Calif. :
-- SAGE Publications,
Date of publication, distribution, etc. 2003.
300 ## - PHYSICAL DESCRIPTION
Extent vi, 220 p. ;
Dimensions 25 cm.
504 ## - BIBLIOGRAPHY, ETC. NOTE
Bibliography, etc Includes bibliographical references (p. [205]-215) and index.
650 #0 - SUBJECT ADDED ENTRY--TOPICAL TERM
Topical term or geographic name as entry element Sociology
General subdivision History
Chronological subdivision 20th century.
9 (RLIN) 7277
650 #0 - SUBJECT ADDED ENTRY--TOPICAL TERM
Topical term or geographic name as entry element Sociology.
9 (RLIN) 2259
700 1# - ADDED ENTRY--PERSONAL NAME
Personal name Hughes, J. A.,
Dates associated with a name 1941-
9 (RLIN) 7278
700 1# - ADDED ENTRY--PERSONAL NAME
Personal name Martin, Peter J.,
Dates associated with a name 1947-
9 (RLIN) 7279
856 42 - ELECTRONIC LOCATION AND ACCESS
Materials specified Publisher description
Uniform Resource Identifier http://www.loc.gov/catdir/enhancements/fy0656/2002111619-d.html
856 41 - ELECTRONIC LOCATION AND ACCESS
Materials specified Table of contents only
Uniform Resource Identifier http://www.loc.gov/catdir/enhancements/fy0656/2002111619-t.html
906 ## - LOCAL DATA ELEMENT F, LDF (RLIN)
a 7
b cbc
c copycat
d 2
e ncip
f 20
g y-gencatlg
942 ## - ADDED ENTRY ELEMENTS (KOHA)
Source of classification or shelving scheme Dewey Decimal Classification
Koha item type Short Loan
Holdings
Withdrawn status Lost status Source of classification or shelving scheme Damaged status Not for loan Home library Current library Date acquired Inventory number Total Checkouts Full call number Barcode Date last seen Price effective from Koha item type
    Dewey Decimal Classification     MUST Main Library MUST Main Library 10/03/2016 2006/27315   301 SHA 2003 2016-0425 10/03/2016 10/03/2016 Short Loan